Big Data (Cover Hadoop2, MapReduce,Hive, Yarn, Pig,R and Data Visualization) Black Book (Record no. 11551)

MARC details
000 -LEADER
fixed length control field 00450nam a22001697a 4500
003 - CONTROL NUMBER IDENTIFIER
control field OSt
008 - FIXED-LENGTH DATA ELEMENTS--GENERAL INFORMATION
fixed length control field 220923b ||||| |||| 00| 0 eng d
020 ## - INTERNATIONAL STANDARD BOOK NUMBER
International Standard Book Number 9789351199311
082 ## - DEWEY DECIMAL CLASSIFICATION NUMBER
Classification number 005.133 DTB
100 ## - MAIN ENTRY--PERSONAL NAME
Personal name DT EDITORIAL SERVICES
245 ## - TITLE STATEMENT
Title Big Data (Cover Hadoop2, MapReduce,Hive, Yarn, Pig,R and Data Visualization) Black Book
250 ## - EDITION STATEMENT
Edition statement Rep
260 ## - PUBLICATION, DISTRIBUTION, ETC. (IMPRINT)
Place of publication, distribution, etc New Delhi
Name of publisher, distributor, etc Dreamtech
Date of publication, distribution, etc 2017
300 ## - PHYSICAL DESCRIPTION
Extent 972
650 ## - SUBJECT ADDED ENTRY--TOPICAL TERM
Topical term or geographic name as entry element IT
942 ## - ADDED ENTRY ELEMENTS (KOHA)
Source of classification or shelving scheme Dewey Decimal Classification
Koha item type Text Books
Holdings
Withdrawn status Lost status Source of classification or shelving scheme Damaged status Not for loan Collection code Home library Current library Date acquired Source of acquisition Currency Cost, normal purchase price Bill Number Total Checkouts Full call number Acc. no. / Barcode Date last seen Actual Cost, discounted price Bill Date Koha item type Public note
    Dewey Decimal Classification     B.Tech(IT) PIET C-LIBRARY PIET C-LIBRARY 10/07/2022 New Mohan Book Depot Sonepat IN Rupees 540.00 766   005.133 DTB 34185 23/09/2022 540.00 10/07/2022 Text Books Decentralisation of books

Design & Developed by: PIET Central Library
R70 Miles Stone Pattikalyana Samalkha Panipat 132102
mail ID :- [email protected], Phone No:- 0180-2569700 Ex.216